000 00642nam a2200205 a 4500
001 000023165
005 20200930022030.0
008 101129s1978 mx r 000 d spa d
040 _aDO-SdBNP
_bspa
_cBNPHU
082 _aM862.4
_bR585ó
100 1 _aRío, Marcela del,
_d1932-
_947686
245 1 0 _aOpus nueve :
_bteatro /
_cMarcela del Río.
260 _aMéxico :
_bUniversidad Nacional Autónoma de México,
_c1978.
300 _a370, [1] p. ;
_c20 cm.
490 1 _aTextos de teatro
_v7
650 4 _aTeatro mexicano
_917662
650 4 _aLiteratura mexicana
_ySIGLO XX
_99216
830 0 _aTextos de teatro ;
_v7
_929906
049 _aBNGR
999 _c22662
_d22662